| 000 | 00449nam a2200145Ia 4500 | ||
|---|---|---|---|
| 008 | 210210b1978 xxu||||| |||| 00| 0 eng d | ||
| 082 | _a954.8076 MAJH | ||
| 100 | _aMAJUMDAR (R K) and SRIVASTAVA (A N). | ||
| 245 | _aHistory of south India 9with special reference to Karnataka). | ||
| 260 |
_aDelhi. _bSurjeet Book Depot., _c1978 |
||
| 300 | _aviii,407 | ||
| 650 | _aSouth India Questions Answers | ||
| 690 | _aIndian History | ||
| 906 | _aSG01056 | ||
| 999 |
_c112218 _d112218 |
||